Alle Hauptstädte Europas (mit Hinweis) - Statistiken

Allgemein
  • Dieses Quiz wurde 80 mal gespielt
  • Das Durchschnittsergebnis liegt bei 39 aus 47
Antwortstatistiken
Land Hauptstadt % Korrekt
Deutschland Berlin
98%
Niederlande Amsterdam
95%
Belgien Brüssel
95%
Dänemark Kopenhagen
93%
Grossbritannien London
93%
Frankreich Paris
93%
Griechenland Athen
92%
Schweiz Bern
92%
Luxemburg Luxemburg
92%
Russland Moskau
92%
Norwegen Oslo
92%
Italien Rom
92%
Österreich Wien
92%
Irland Dublin
90%
Finnland Helsinki
90%
Spanien Madrid
88%
Monaco Monaco
88%
Vatikanstadt Vatikanstadt
88%
Polen Warschau
88%
Türkei Ankara
87%
Tschechien Prag
87%
Lettland Riga
87%
Ungarn Budapest
85%
Rumänien Bukarest
85%
Portugal Lissabon
85%
Belarus Minsk
85%
San Marino San Marino
85%
Schweden Stockholm
85%
Bulgarien Sofia
83%
Estland Tallinn
83%
Kroatien Zagreb
83%
Ukraine Kiew
82%
Albanien Tirana
82%
Island Reykjavík
77%
Liechtenstein Vaduz
77%
Litauen Vilnius
77%
Malta Valletta
75%
Andorra Andorra la Vella
72%
Serbien Belgrad
70%
Slowenien Ljubljana
70%
Bosnien und Herzegowina Sarajevo
70%
Nordmazedonien Skopje
67%
Slowakei Bratislava
65%
Kosovo Pristina
65%
Zypern Nikosia
62%
Moldau Chișinău
60%
Montenegro Podgorica
57%
Keine übereinstimmenden Quizze gefunden
Verteilung der Resultate
Anzahl Personen mit jedem Resultat
Perzentil nach korrekt beantworteten Fragen
Ihre Resultats-Entwicklung
Sie haben dieses Quiz noch nicht gespielt